Catálogo
 En Linea

Malos lectores : (Registro nro. 2333)

Detalles MARC
000 -CABECERA
campo de control de longitud fija 00875nam a2200253 a 4500
001 - NÚMERO DE CONTROL
campo de control 000002497
005 - FECHA Y HORA DE LA ÚLTIMA TRANSACCIÓN
campo de control 20200929150211.0
008 - DATOS DE LONGITUD FIJA--INFORMACIÓN GENERAL
campo de control de longitud fija 090702s1989 es 001 0 spa d
020 ## - NÚMERO INTERNACIONAL ESTÁNDAR DEL LIBRO
Número Internacional Estándar del Libro 8486168406
040 ## - FUENTE DE LA CATALOGACIÓN
Centro catalogador/agencia de origen DO-SdBNP
Lengua de catalogación spa
Centro/agencia transcriptor BNPHU
041 17 - CÓDIGO DE LENGUA
Código de lengua del texto/banda sonora o título independiente epa
Fuente del código fre
100 1# - ENTRADA PRINCIPAL--NOMBRE DE PERSONA
Nombre de persona Fijalkow, Jacques
9 (RLIN) 7863
240 10 - TÍTULO UNIFORME
Título uniforme Mauvais lecteurs. Pourquoi?
245 10 - MENCIÓN DE TÍTULO
Título Malos lectores :
Resto del título ¿por qué? /
Mención de responsabilidad, etc. Jacques Fijalkow ; traducción Judith Dellepiane de Rama.
260 ## - PUBLICACIÓN, DISTRIBUCIÓN, ETC.
Lugar de publicación, distribución, etc. Madrid :
Nombre del editor, distribuidor, etc. Fundación Germán Sánchez Ruipérez
-- Pirámides,
Fecha de publicación, distribución, etc. 1989.
300 ## - DESCRIPCIÓN FÍSICA
Extensión 270 p. ;
Dimensiones 21 cm.
490 1# - MENCIÓN DE SERIE
Mención de serie Biblioteca del Libro
500 ## - NOTA GENERAL
Nota general Incluye índice
500 ## - NOTA GENERAL
Nota general Incluye notas al pie de las paginas
500 ## - NOTA GENERAL
Nota general Incluye datos biográficos del autor en la solapa
504 ## - NOTA DE BIBLIOGRAFÍA, ETC.
Nota de bibliografía, etc. Bibliografía : p. 217-270
700 1# - PUNTO DE ACCESO ADICIONAL--NOMBRE DE PERSONA
Nombre de persona Ellepiane de Rama, Judith
9 (RLIN) 7864
830 #0 - PUNTO DE ACCESO ADICIONAL DE SERIE-TÍTULO UNIFORME
Título uniforme Biblioteca del libro
9 (RLIN) 7397
Existencias
Estado de retiro Estado de pérdida Restricciones de uso No para préstamo Código de colección Localización permanente Ubicación/localización actual Ubicación en estantería Fecha de adquisición Número de inventario Total de préstamos Signatura topográfica completa Código de barras Fecha visto por última vez Precio válido a partir de Tipo de ítem Koha
      Excluido de préstamo Monografías: Libros y Folletos General General En catalogación 02.07.2009 LF1   2497-10 25.06.2020 25.06.2020 No se presta

Con tecnología Koha